Online
Catalog

Los cuentos de mi abuelo / (Record no. 5876)

MARC details
000 -CABECERA
campo de control de longitud fija 00840nam a2200229 a 4500
001 - NÚMERO DE CONTROL
campo de control 000006080
005 - FECHA Y HORA DE LA ÚLTIMA TRANSACCIÓN
campo de control 20240412074203.0
008 - DATOS DE LONGITUD FIJA--INFORMACIÓN GENERAL
campo de control de longitud fija 090826s200u xx 000 j spa d
040 ## - FUENTE DE LA CATALOGACIÓN
Centro catalogador/agencia de origen DO-SdBNP
Lengua de catalogación spa
Centro/agencia transcriptor BNPHU
082 ## - NÚMERO DE LA CLASIFICACIÓN DECIMAL DEWEY
Número de clasificación RD863.44
Número de documento/Ítem L579c
100 1# - ENTRADA PRINCIPAL--NOMBRE DE PERSONA
Nombre de persona León Concepción, Dionisio de,
Fechas asociadas al nombre 1967-
9 (RLIN) 17119
245 14 - MENCIÓN DE TÍTULO
Título Los cuentos de mi abuelo /
Mención de responsabilidad, etc. Dionisio de León Concepción ; prólogo Magdalena Hichez.
260 ## - PUBLICACIÓN, DISTRIBUCIÓN, ETC.
Lugar de publicación, distribución, etc. [s.l. :
Nombre del editor, distribuidor, etc. s.n.,
Fecha de publicación, distribución, etc. [200-?].
300 ## - DESCRIPCIÓN FÍSICA
Extensión 75 p. ;
Dimensiones 21 cm.
500 ## - NOTA GENERAL
Nota general Incluye datos biográficos del autor en la contracubierta
590 ## - NOTA LOCAL (RLIN)
Nota local La biblioteca posee 2 ejemplares autográfiados por el autor
590 ## - NOTA LOCAL (RLIN)
Nota local Inventariado, 2019/BT
650 #0 - PUNTO DE ACCESO ADICIONAL DE MATERIA--TÉRMINO DE MATERIA
Término de materia o nombre geográfico como elemento de entrada Cuentos dominicanos
9 (RLIN) 176
650 #0 - PUNTO DE ACCESO ADICIONAL DE MATERIA--TÉRMINO DE MATERIA
Término de materia o nombre geográfico como elemento de entrada Literatura dominicana.
9 (RLIN) 67
700 12 - PUNTO DE ACCESO ADICIONAL--NOMBRE DE PERSONA
Nombre de persona Hichez, Magdalena,
Término indicativo de función/relación pról.
9 (RLIN) 17120
910 ## - DATOS DE OPCIÓN DEL USUARIO (OCLC)
Datos de opción del usuario Validado. Control de calidad MMOLINA
Holdings
Estado de retiro Estado de pérdida Restricciones de uso No para préstamo Código de colección Localización permanente Ubicación/localización actual Ubicación en estantería Fecha de adquisición Número de inventario Total de préstamos Signatura topográfica completa Código de barras Fecha visto por última vez Número de copia Precio válido a partir de Tipo de ítem Koha
        Monografías: Libros y Folletos General General Depósito 26.08.2009 LF1   RD863.44 L579c 6080-30 25.06.2020 e.3 25.06.2020 Préstamo en sala
        Monografías: Libros y Folletos General General Depósito 10.06.2013 LF1   RD863.44 L579c 6080-40 25.06.2020 e.4 25.06.2020 Préstamo en sala
        Monografías: Libros y Folletos General General Depósito 26.11.2019 LF1   RD863.44 L579c 6080-50 25.06.2020 e.5 25.06.2020 Préstamo en sala
      Excluido de préstamo Monografías: Libros y Folletos Patrimonio Dominicano Patrimonio Dominicano Depósito 26.08.2009 LF1   RD863.44 L579c 6080-10 25.06.2020   25.06.2020 No se presta
      Excluido de préstamo Monografías: Libros y Folletos Patrimonio Dominicano Patrimonio Dominicano Depósito 26.08.2009 LF1   RD863.44 L579c 6080-20 25.06.2020 e.2 25.06.2020 No se presta

Powered by Koha